Datum a čas kvízu
14
Celkem bodů
Celkový počet nahraných bodů na tomto kvízu bez doplňovacích otázek.
5.
Pořadí na kvízu
Konečné umístění týmu na tomto kvízu.
Zaznamenané odpovědi
| # | Otázka | Odpověď | Body | Výsledky |
|---|---|---|---|---|
| 1. | Ve které obci se v sobotu kona... | v Průhonicích | 0 | |
| 2. | Internet minulý týden obletělo... | kocour (kočka) | 0 | |
| 3. | V pátek začal v Uherském Hradi... | Letní filmová škola | 0 | |
| 4. | Česká armáda v pátek převzala... | Toyota | 0 | |
| 5. | Tým ligy amerického fotbalu NF... | indiánské čelenky (a rudé malování na obličeji) | 0 | |
| 6. | Rozhodli jsme se prověřit vaše... | nebozez / nebozízek | 0 | |
| 7. | Jak byste slovem na P nazvali... | perlátor | 0 | |
| 8. | Tento typ klíče slouží k otvír... | dózický | 0 | |
| 9. | Jak byste dvěma slovy začínají... | pružná / pérová podložka | 0 | |
| 10. | Apelativizace je pojem pro jev... | karma | 1 |